LIBRARY & INFORMATION CENTRE, KCAET, TAVANUR

ONLINE PUBLIC ACCESS CATALOGUE (OPAC)

Gulliver`s Travels / (Record no. 1040)

MARC details
000 -LEADER
fixed length control field 00416cam a2200169ua 4500
041 ## - LANGUAGE CODE
Language code of text/sound track or separate title eng
082 ## - DEWEY DECIMAL CLASSIFICATION NUMBER
Classification number 823.308
Item number SWI/GU
100 ## - MAIN ENTRY--AUTHOR NAME
Personal name Swift, Jonathan .
245 ## - TITLE STATEMENT
Title Gulliver`s Travels /
260 ## - PUBLICATION, DISTRIBUTION, ETC. (IMPRINT)
Place of publication London :
Name of publisher J M Dent and Sons Ltd ,
Year of publication 1961.
300 ## - PHYSICAL DESCRIPTION
Number of Pages 210 ; .
942 ## - ADDED ENTRY ELEMENTS (KOHA)
Koha item type Books
Holdings
Withdrawn status Lost status Damaged status Home library Current library Date acquired Full call number Accession Number Koha item type Public note
Withdrawn     KAUAET KAUAET 07/04/2012 823.308 4129 Books Deleted
Withdrawn     KAUAET Malayalam University 07/04/2012 823.308 11081 Books  
Withdrawn     KAUAET Sanskrit University 07/04/2012 823.308 5298 Books  
free website counter